000 00712nam a2200253Ia 4500
003 OSt
005 20220928121836.0
006 a|||||r|||| 00| 0
007 ta
008 220927b |||||||| |||| 00| 0 eng d
024 _a6408
037 _cTextual
040 _aSDCL
_cSDCL
_beng
041 _2eng
_aeng
082 _aV2:718'P, P7
100 _aSlaczka Anna A
_9454389
245 0 _aTemple consecration rituals in ancient India
_bText and archaeology
260 _aLeiden
_bBrill
_c2007
300 _axiii,412p
_ccm.
490 _aBrill's indological library
650 _aArchaeology India
942 _hV2:718'P, P7
_cTEXL
_2CC
999 _c768168
_d768168